| 000 | 00934pam a2200277 a 4500 | ||
|---|---|---|---|
| 001 | 2505641 | ||
| 003 | OSt | ||
| 005 | 20160426195101.0 | ||
| 008 | 921023s1993 enka b 001 0 eng | ||
| 010 | _a 92035911 | ||
| 020 | _a0412495406 (alk. paper) | ||
| 040 |
_aDLC _cDLC _dDLC |
||
| 050 | 0 | 0 |
_aQC311 _b.F54 1993 |
| 082 | 0 | 0 |
_a536 _220 _bFIN 1993 |
| 100 | 1 |
_aFinn, C. B. P. _98349 |
|
| 245 | 1 | 0 |
_aThermal physics / _cC.B.P. Finn. |
| 250 | _a2nd ed. | ||
| 260 |
_aLondon ; _aNew York : _bChapman & Hall, _c1993. |
||
| 300 |
_axii, 256 p. : _bill. ; _c22 cm. |
||
| 440 | 0 |
_aPhysics and its applications ; _v5 _98350 |
|
| 504 | _aIncludes bibliographical references (p. [248]) and index. | ||
| 650 | 0 |
_aThermodynamics. _98351 |
|
| 906 |
_a7 _bcbc _corignew _d1 _eocip _f19 _gy-gencatlg |
||
| 942 |
_2ddc _cSLOAN |
||
| 999 |
_c3800 _d3800 |
||